000 00324nam a22001457a 4500
008 221020b ||||| |||| 00| 0 eng d
020 _a071670689
041 _aeng
080 _2SECOND EDITION
_a579
082 _a579 SEE
100 _a17
101 _aMICRO
245 _aMICROBES IN ACTION
_cSEELEY H
942 _2udc
_cBK
999 _c58616
_d58616